000 00852nas a2200277 4500
001 BR2013003412
003 BR-BrBNA
005 20231205122245.0
007 ta
008 230509b bl.|||p| |||| 00| 00por d
040 _aBR-BrBNA
_bpor
_cBiblioteca Nacional de Agricultura
041 _a(Pt)
072 _aF30
100 1 _aZampieri, M.C.T.
100 1 _aSaiki, M.
100 1 _aTavares, A.R.
100 1 _aPinna, G.F. de A.M. de
245 1 _aAcúmulo de minerais em Aechmea blanchetiana (Baker)L.B. smith (Bromeliaceae), contaminadas com zinco em cultivo in vitro
650 _aBROMÉLIA
650 _aCULTURA IN VITRO
650 _aZINCO
650 _aMETAL PESADO
773 0 _tHoehnea (Brazil)
_xISSN 0073-2877
_g(Sep 2012), v. 39(3) p. 379-385
_wBR2013003412
909 _a202311
_bLúcia
_c55
_dLúcia Elande
942 _2AGRIS
_n0
_cANA
999 _c227733
_d227733